000 00635nam a2200229Ia 4500
005 20260320201829.0
008 008 262003s9999 xx 000 0 eng d
037 _aEBOOK
040 _aCRL
040 _beng
040 _cCRL
041 _2eng
041 _aeng
084 _qCRL
100 _aRivera
_9929093
245 0 _aDatabricks ML in Action: Learn how Databricks supports the entire ML lifecycle end to end from data ingestion to the model deployment
260 _bIEEE
856 _uhttps://ieeexplore.ieee.org/servlet/opac?bknumber=10769321
942 _cEBOOK
999 _c1723777
_d1723777